[Event "Tatry op"]
[Site "Tatranske Matliare"]
[Date "2024.05.27"]
[Round "4"]
[White "Chovanec, Vladimir"]
[Black "Csala, Jan"]
[Result "1/2-1/2"]
[WhiteElo "1947"]
[BlackElo "2105"]
[PlyCount "22"]
[EventDate "2024.05.25"]
[EventType "swiss"]
[EventRounds "9"]
[EventCountry "SVK"]
[SourceTitle "CB23_2024"]
[SourceDate "2024.06.05"]
[SourceVersion "1"]
[SourceVersionDate "2024.06.05"]
[SourceQuality "1"]

1. Nf3 g6 2. g3 Bg7 3. Bg2 d5 4. d4 c5 5. 0-0 cxd4 6. Nxd4 Nc6 7. Nxc6 bxc6 8. c4 Nf6 9. Nc3 e6 10. cxd5 Nxd5 11. Qa4 Bd7 1/2-1/2

[Event "SVK-chT1W 1920"]
[Site "Slovakia"]
[Date "2020.06.21"]
[Round "11.8"]
[White "Chovanec, Vladimir"]
[Black "Gyarmati, Tichomir"]
[Result "1/2-1/2"]
[WhiteElo "1971"]
[BlackElo "1855"]
[PlyCount "44"]
[EventDate "2019.10.12"]
[EventType "team-tourn"]
[EventRounds "11"]
[EventCountry "SVK"]
[SourceTitle "EXT 2022"]
[Source "ChessBase"]
[SourceDate "2021.10.06"]
[SourceVersion "1"]
[SourceVersionDate "2021.10.06"]
[SourceQuality "1"]
[WhiteTeam "Bratislava Doprastav"]
[BlackTeam "Batorove Kosihy"]
[WhiteTeamCountry "SVK"]
[BlackTeamCountry "SVK"]

1. Nf3 Nc6 2. d4 d5 3. Bf4 Nf6 4. e3 e6 5. c3 Bd6 6. Bd3 Bxf4 7. exf4 Nh5 8. g3 g6 9. Nbd2 a6 10. a4 a5 11. 0-0 0-0 12. Re1 b6 13. Qe2 Ng7 14. Nf1 Qd6 15. Ne3 Ne7 16. Ng4 Nh5 17. Qe5 Qxe5 18. fxe5 c5 19. b3 f5 20. exf6 Nxf6 21. Nge5 Nf5 22. Rac1 Nd6 1/2-1/2

[Event "SVK-chT2A 1920"]
[Site "Slovakia"]
[Date "2019.10.26"]
[Round "1.5"]
[White "Skalsky, Alexandr"]
[Black "Chovanec, Vladimir"]
[Result "1-0"]
[WhiteElo "2191"]
[BlackElo "2006"]
[PlyCount "51"]
[EventDate "2019.10.26"]
[EventType "team-tourn"]
[EventRounds "11"]
[EventCountry "SVK"]
[SourceTitle "CBM 193 Extra"]
[Source "ChessBase"]
[SourceDate "2020.01.31"]
[SourceVersion "1"]
[SourceVersionDate "2020.01.31"]
[SourceQuality "1"]
[WhiteTeam "Skalica"]
[BlackTeam "Bratislava Doprastav II"]
[WhiteTeamCountry "SVK"]
[BlackTeamCountry "SVK"]

1. e4 g6 2. d4 c6 3. h3 d5 4. Nc3 Bg7 5. Nf3 Nh6 6. Bg5 f6 7. Bf4 Nf7 8. exd5 cxd5 9. Bb5+ Nc6 10. 0-0 0-0 11. Re1 a6 12. Ba4 Na5 13. Bg3 b5 14. Bb3 Nxb3 15. axb3 Bb7 16. Re6 Re8 17. Qe1 Qd7 18. Re2 Rac8 19. Rd1 Kf8 20. Na2 Nd6 21. Bxd6 Qxd6 22. Re6 Qd7 23. Nb4 Kf7 24. Re2 e6 25. Nd3 Bf8 26. Nfe5+ 1-0

[Event "SVK-chT1W 1920"]
[Site "Slovakia"]
[Date "2019.10.13"]
[Round "2.8"]
[White "Bury, Rastislav"]
[Black "Chovanec, Vladimir"]
[Result "1/2-1/2"]
[WhiteElo "2117"]
[BlackElo "2006"]
[PlyCount "97"]
[EventDate "2019.10.12"]
[EventType "team-tourn"]
[EventRounds "11"]
[EventCountry "SVK"]
[SourceTitle "CBM 193 Extra"]
[Source "ChessBase"]
[SourceDate "2020.01.31"]
[SourceVersion "1"]
[SourceVersionDate "2020.01.31"]
[SourceQuality "1"]
[WhiteTeam "Osuske"]
[BlackTeam "Bratislava Doprastav"]
[WhiteTeamCountry "SVK"]
[BlackTeamCountry "SVK"]

1. Nf3 g6 2. g3 Bg7 3. Bg2 d6 4. 0-0 Nf6 5. d4 0-0 6. c4 c6 7. Nc3 Qa5 8. h3 Nbd7 9. e4 e5 10. Be3 Nb6 11. dxe5 dxe5 12. Nd2 Be6 13. Nb3 Qb4 14. Bc5 Qxc4 15. Bxf8 Bxf8 16. Qf3 Nfd7 17. Nd2 Qb4 18. b3 a5 19. Rfd1 Bh6 20. Bf1 Qe7 21. Rab1 Rd8 22. Na4 Rb8 23. Nxb6 Nxb6 24. Qc3 Qc7 25. Kh2 Bf8 26. Nc4 Nd7 27. Qxa5 Qxa5 28. Nxa5 Ra8 29. b4 b6 30. Nxc6 Rxa2 31. Kg1 Ra8 32. Ra1 Rc8 33. Rdc1 Re8 34. Kg2 Bh6 35. Rc2 f5 36. Bc4 Kf7 37. Ra7 Bxc4 38. Rxd7+ Ke6 39. Rxh7 Bd3 40. Rc3 Bxe4+ 41. f3 Bd2 42. Rc4 Kd5 43. Na5 bxa5 44. Rc5+ Kd6 45. fxe4 Bxb4 46. Rb5 Kc6 47. Rhb7 Bc5 48. exf5 gxf5 49. Rb1 1/2-1/2

[Event "Pardubice op rapid 30th"]
[Site "Pardubice"]
[Date "2019.07.18"]
[Round "4"]
[White "Chovanec, Vladimir"]
[Black "Brozka, Karel"]
[Result "1/2-1/2"]
[WhiteElo "2047"]
[BlackElo "1816"]
[PlyCount "89"]
[EventDate "2019.07.17"]
[EventType "swiss (rapid)"]
[EventRounds "9"]
[EventCountry "CZE"]
[SourceTitle "CBM 191 Extra"]
[Source "ChessBase"]
[SourceDate "2019.09.30"]
[SourceVersion "1"]
[SourceVersionDate "2019.09.30"]
[SourceQuality "1"]

1. Nf3 Nf6 2. b3 d5 3. Bb2 Bf5 4. d3 e6 5. Nbd2 Nbd7 6. g3 c6 7. Bg2 Bd6 8. 0-0 Qc7 9. c4 0-0-0 10. Rc1 h5 11. cxd5 exd5 12. Nd4 Bg6 13. Nb5 Qb8 14. Nxd6+ Qxd6 15. e4 dxe4 16. Nxe4 Nxe4 17. dxe4 Qxd1 18. Rfxd1 f6 19. f3 Rhe8 20. Bh3 Kc7 21. Kf2 Bf7 22. Rd2 Ne5 23. Rcd1 Rxd2+ 24. Rxd2 Rd8 25. Rxd8 Kxd8 26. Ke3 Ke7 27. Ba3+ Kd8 28. Bg2 Be6 29. h3 b6 30. f4 Nd7 31. h4 c5 32. Bb2 Kc7 33. Bf1 Nb8 34. e5 f5 35. Bb5 Nc6 36. Bc3 Kb7 37. Kd2 a6 38. Be2 g6 39. Bf3 Kc7 40. Kc2 b5 41. a3 Kb6 42. Bg2 b4 43. Bxc6 Kxc6 44. axb4 cxb4 45. Bxb4 1/2-1/2

[Event "Pardubice op rapid 30th"]
[Site "Pardubice"]
[Date "2019.07.17"]
[Round "2"]
[White "Dvoirys, Semen I"]
[Black "Chovanec, Vladimir"]
[Result "1-0"]
[WhiteElo "2505"]
[BlackElo "2047"]
[PlyCount "57"]
[EventDate "2019.07.17"]
[EventType "swiss (rapid)"]
[EventRounds "9"]
[EventCountry "CZE"]
[SourceTitle "CBM 191 Extra"]
[Source "ChessBase"]
[SourceDate "2019.09.30"]
[SourceVersion "1"]
[SourceVersionDate "2019.09.30"]
[SourceQuality "1"]

1. e4 g6 2. d4 c6 3. Nd2 d5 4. Ngf3 Bg7 5. h3 dxe4 6. Nxe4 Nf6 7. Nxf6+ exf6 8. Be3 0-0 9. Qd2 Be6 10. c4 a5 11. Be2 Na6 12. 0-0 Re8 13. Rfd1 Qe7 14. d5 cxd5 15. cxd5 Red8 16. d6 Qe8 17. Qxa5 Bf8 18. Bf4 Bxh3 19. Re1 Qe4 20. Bg3 Qb4 21. Qxb4 Nxb4 22. gxh3 Nc2 23. Bc4 Nxa1 24. Rxa1 Bxd6 25. a4 Bxg3 26. fxg3 b6 27. Kf2 Re8 28. Ra3 Re4 29. Bd5 1-0

[Event "Pardubice op rap 25th"]
[Site "Pardubice"]
[Date "2014.07.17"]
[Round "5"]
[White "Chovanec, Vladimir"]
[Black "Holy, Filip"]
[Result "1-0"]
[WhiteElo "2100"]
[BlackElo "1733"]
[PlyCount "54"]
[EventDate "2014.07.16"]
[EventType "swiss (rapid)"]
[EventRounds "9"]
[EventCountry "CZE"]
[SourceTitle "EXT 2015"]
[Source "ChessBase"]
[SourceDate "2014.11.20"]
[SourceVersion "1"]
[SourceVersionDate "2014.11.20"]
[SourceQuality "1"]

1. e4 c5 2. Nc3 Nc6 3. f4 e6 4. Nf3 d5 5. Bb5 Nge7 6. exd5 exd5 7. Qe2 g6 8. Qe3 d4 9. Qe5 dxc3 10. Qxh8 Qb6 11. Bxc6+ Nxc6 12. Qxc3 Bf5 13. Qf6 Be7 14. Qh8+ Bf8 15. Qxh7 0-0-0 16. 0-0 c4+ 17. Kh1 Qc7 18. b3 c3 19. dxc3 Bc5 20. Bd2 Bg4 21. Be1 Qxf4 22. Bg3 Qe4 23. Qxf7 Bb6 24. Qf4 Qe6 25. Rfe1 Qd7 26. Ne5 Nxe5 27. Qxe5 Qc6 1-0

[Event "Pardubice op rap 25th"]
[Site "Pardubice"]
[Date "2014.07.17"]
[Round "7"]
[White "Tokranovs, Dmitrijs"]
[Black "Chovanec, Vladimir"]
[Result "1-0"]
[WhiteElo "2297"]
[BlackElo "2100"]
[PlyCount "81"]
[EventDate "2014.07.16"]
[EventType "swiss (rapid)"]
[EventRounds "9"]
[EventCountry "CZE"]
[SourceTitle "EXT 2015"]
[Source "ChessBase"]
[SourceDate "2014.11.20"]
[SourceVersion "1"]
[SourceVersionDate "2014.11.20"]
[SourceQuality "1"]

1. e4 e6 2. d4 d5 3. exd5 exd5 4. Nc3 Bb4 5. Bd3 Nc6 6. Nge2 Nge7 7. Bf4 Be6 8. Qd2 Qd7 9. a3 Bxc3 10. Qxc3 a6 11. 0-0 0-0 12. Ng3 Rac8 13. Rfe1 Nf5 14. Nxf5 Bxf5 15. Bf1 Ne7 16. Qb3 Ng6 17. Bg3 c6 18. Re3 Rfe8 19. Rae1 Rxe3 20. Rxe3 Nf8 21. c3 Ne6 22. Qd1 Bg6 23. Qe1 h6 24. Be5 Be4 25. f3 Bh7 26. g4 Re8 27. Bg3 f5 28. Bh3 Qf7 29. Re5 f4 30. Bxf4 Qxf4 31. Rxe6 Rf8 32. Bg2 Qg5 33. Qe3 Qxe3+ 34. Rxe3 Kf7 35. f4 Kf6 36. Kf2 Rd8 37. h4 Bg8 38. Bh3 Bf7 39. g5+ hxg5 40. hxg5+ Kg6 41. Re7 1-0

[Event "Pardubice op rap 25th"]
[Site "Pardubice"]
[Date "2014.07.16"]
[Round "2"]
[White "Chovanec, Vladimir"]
[Black "Cerveny, Martin"]
[Result "0-1"]
[WhiteElo "2100"]
[BlackElo "2375"]
[PlyCount "106"]
[EventDate "2014.07.16"]
[EventType "swiss (rapid)"]
[EventRounds "9"]
[EventCountry "CZE"]
[SourceTitle "EXT 2015"]
[Source "ChessBase"]
[SourceDate "2014.11.20"]
[SourceVersion "1"]
[SourceVersionDate "2014.11.20"]
[SourceQuality "1"]

1. e4 c5 2. Nc3 a6 3. Nge2 d6 4. g3 Nf6 5. Bg2 g6 6. d3 Bg7 7. 0-0 0-0 8. h3 Nc6 9. Be3 e6 10. Qd2 Re8 11. Bh6 Bh8 12. f4 Nd4 13. Bg5 Qa5 14. Rad1 Rb8 15. e5 Nd5 16. Nxd4 cxd4 17. Nxd5 Qxd2 18. Rxd2 exd5 19. exd6 Be6 20. Be7 h5 21. Kh2 Bg7 22. Re1 Bf8 23. Bf3 Bxe7 24. dxe7 Rbc8 25. Rde2 Rc6 26. g4 hxg4 27. hxg4 Kg7 28. g5 Rd6 29. Re5 b5 30. Kg3 b4 31. R1e2 a5 32. Kg2 a4 33. Kg3 a3 34. b3 Rd7 35. Kf2 Rd6 36. Kg2 Rxe7 37. Kg3 Rc7 38. Rh2 Rc8 39. Re1 Rdc6 40. Ree2 Rc5 41. Bg4 R8c6 42. Bf3 Rc8 43. Rd2 Kf8 44. Rh8+ Ke7 45. Rxc8 Rxc8 46. Rh2 Kd6 47. Bd1 Ke7 48. Bf3 Kd6 49. Bd1 Re8 50. Rh7 Bf5 51. Rxf7 Re1 52. Rf6+ Ke7 53. Bg4 Rg1+ 0-1

[Event "Pardubice op rap 24th"]
[Site "Pardubice"]
[Date "2013.07.18"]
[Round "9"]
[White "Chovanec, Vladimir"]
[Black "Kalousek, Vladimir"]
[Result "1/2-1/2"]
[WhiteElo "2102"]
[BlackElo "2051"]
[PlyCount "80"]
[EventDate "2013.07.17"]
[EventType "swiss (rapid)"]
[EventRounds "9"]
[EventCountry "CZE"]
[SourceTitle "CBM 155 Extra"]
[Source "ChessBase"]
[SourceDate "2013.08.26"]
[SourceVersion "1"]
[SourceVersionDate "2013.08.26"]
[SourceQuality "1"]

1. e4 c5 2. Nc3 d6 3. f4 Nf6 4. Nf3 g6 5. Bb5+ Nc6 6. 0-0 Bg4 7. Bxc6+ bxc6 8. h3 Bxf3 9. Qxf3 Bg7 10. e5 Nd5 11. Nxd5 cxd5 12. Qxd5 0-0 13. e6 f5 14. c3 Qb6 15. d3 Rac8 16. Rb1 Bxc3 17. Be3 Bg7 18. b4 Qc6 19. Qxc6 Rxc6 20. bxc5 dxc5 21. Rfc1 Rxe6 22. Bxc5 Rc8 23. Bxa7 Rxc1+ 24. Rxc1 Ra6 25. Bc5 Rc6 26. Be3 Ra6 27. Rc2 Kf7 28. Kf2 Ra4 29. Kf3 Bd4 30. Bxd4 Rxd4 31. Rc3 Ra4 32. a3 Ke6 33. Ke3 h6 34. g3 Kf6 35. Kd2 g5 36. fxg5+ hxg5 37. Kc2 f4 38. Kb3 Ra8 39. gxf4 gxf4 40. d4 Kf5 1/2-1/2

[Event "Bratislava Doprastav op"]
[Site "Bratislava"]
[Date "2013.07.02"]
[Round "6"]
[White "Chovanec, Vladimir"]
[Black "Kleman, Miroslav"]
[Result "0-1"]
[WhiteElo "2102"]
[BlackElo "2207"]
[PlyCount "48"]
[EventDate "2013.06.28"]
[EventType "swiss"]
[EventRounds "9"]
[EventCountry "SVK"]
[SourceTitle "EXT 2015"]
[Source "ChessBase"]
[SourceDate "2014.11.20"]
[SourceVersion "1"]
[SourceVersionDate "2014.11.20"]
[SourceQuality "1"]

1. e4 e5 2. Nf3 f5 3. Nxe5 Nc6 4. Qh5+ g6 5. Nxg6 Nf6 6. Qh4 Rg8 7. e5 Rxg6 8. exf6 Rxf6 9. Qh5+ Rf7 10. d3 Nd4 11. Bg5 Be7 12. Bxe7 Qxe7+ 13. Kd2 d5 14. Nc3 Be6 15. g3 0-0-0 16. f4 Nc6 17. Re1 d4 18. Nd1 Qb4+ 19. c3 dxc3+ 20. bxc3 Qb1 21. Be2 Re7 22. Ne3 Qxa2+ 23. Nc2 Na5 24. Qg5 Nc4+ 0-1

[Event "SVK-chT1W 1213"]
[Site "Slovakia"]
[Date "2013.02.23"]
[Round "8.2"]
[White "Gasa, Andrej"]
[Black "Chovanec, Vladimir"]
[Result "1-0"]
[WhiteElo "2282"]
[BlackElo "2095"]
[PlyCount "85"]
[EventDate "2012.10.20"]
[EventType "team-tourn"]
[EventRounds "11"]
[EventCountry "SVK"]
[SourceTitle "EXT 2015"]
[Source "ChessBase"]
[SourceDate "2014.11.20"]
[SourceVersion "1"]
[SourceVersionDate "2014.11.20"]
[SourceQuality "1"]
[WhiteTeam "Osuske"]
[BlackTeam "Bratislava Doprastav II"]
[WhiteTeamCountry "SVK"]
[BlackTeamCountry "SVK"]

1. d4 Nf6 2. Nf3 g6 3. g3 Bg7 4. Bg2 d6 5. 0-0 c6 6. c4 a6 7. a4 a5 8. Nc3 Nbd7 9. Bf4 0-0 10. e4 Nh5 11. Be3 e5 12. dxe5 dxe5 13. Qd6 Bf6 14. Rfd1 Be7 15. Qd2 Qc7 16. Rac1 Nc5 17. Qc2 Be6 18. b3 Rad8 19. Nd5 cxd5 20. cxd5 Bxd5 21. exd5 b6 22. Qc3 f6 23. Nd2 Ng7 24. Qc4 Kh8 25. Ne4 Qb8 26. Nxc5 bxc5 27. Qb5 Nf5 28. Qxb8 Rxb8 29. Bxc5 Bxc5 30. Rxc5 Nd4 31. Rxa5 Nxb3 32. Ra7 Ra8 33. Rxa8 Rxa8 34. d6 Rd8 35. Rd5 Nd4 36. a5 Nc6 37. a6 Kg8 38. Rc5 Na7 39. Rc7 Nb5 40. Bc6 Nd4 41. a7 Nxc6 42. Rxc6 Kf7 43. d7 1-0

[Event "Tatry op"]
[Site "Tatranske Zruby"]
[Date "2012.09.30"]
[Round "9"]
[White "Krutina, Miroslav"]
[Black "Chovanec, Vladimir"]
[Result "1/2-1/2"]
[WhiteElo "1997"]
[BlackElo "2095"]
[PlyCount "31"]
[EventDate "2012.09.23"]
[EventType "swiss"]
[EventRounds "9"]
[EventCountry "SVK"]
[SourceTitle "CBM 150 Extra"]
[Source "ChessBase"]
[SourceDate "2012.10.19"]
[SourceVersion "1"]
[SourceVersionDate "2012.10.19"]
[SourceQuality "1"]

1. Nf3 f5 2. g3 Nf6 3. Bg2 d6 4. d4 e6 5. b4 Be7 6. 0-0 0-0 7. Bb2 a5 8. b5 a4 9. c4 Ne4 10. Nfd2 d5 11. Nxe4 fxe4 12. c5 Bd7 13. Nc3 Qe8 14. Nxa4 Bxb5 15. Nc3 Bc4 16. Qc2 1/2-1/2

[Event "Tatry op"]
[Site "Tatranske Zruby"]
[Date "2012.09.26"]
[Round "5"]
[White "Kravec, Patrik"]
[Black "Chovanec, Vladimir"]
[Result "0-1"]
[WhiteElo "1925"]
[BlackElo "2095"]
[PlyCount "98"]
[EventDate "2012.09.23"]
[EventType "swiss"]
[EventRounds "9"]
[EventCountry "SVK"]
[SourceTitle "CBM 150 Extra"]
[Source "ChessBase"]
[SourceDate "2012.10.19"]
[SourceVersion "1"]
[SourceVersionDate "2012.10.19"]
[SourceQuality "1"]

1. e4 e6 2. d4 d5 3. Nd2 Nf6 4. e5 Nfd7 5. Bd3 c5 6. c3 Nc6 7. Ne2 cxd4 8. cxd4 f6 9. exf6 Nxf6 10. Nf3 Bd6 11. 0-0 Qc7 12. Bg5 0-0 13. Bh4 Nh5 14. Bg3 Nxg3 15. Nxg3 g6 16. Qc2 Qg7 17. Rad1 Bd7 18. Qe2 a6 19. Rfe1 Rf4 20. Bb1 Nxd4 21. Nxd4 Rxd4 22. Rxd4 Qxd4 23. Rd1 Qf4 24. Qd2 Qxd2 25. Rxd2 Rc8 26. Rd1 Be5 27. b3 Bb2 28. f3 Rc1 29. Rxc1 Bxc1 30. Kf2 Kf7 31. Ne2 Bd2 32. f4 h6 33. h4 g5 34. fxg5 hxg5 35. h5 Kg7 36. g4 Kh6 37. Nd4 Bc3 38. Ke3 Bxd4+ 39. Kxd4 e5+ 40. Kxe5 Bxg4 41. Kxd5 Bf3+ 42. Kd4 Kxh5 43. Ke3 Bc6 44. Kf2 Kg4 45. Bd3 Kf4 46. Bc4 b5 47. Be6 b4 48. Bc4 a5 49. Bd3 Be4 0-1

[Event "Tatry op"]
[Site "Tatranske Zruby"]
[Date "2011.09.29"]
[Round "6"]
[White "Rooze, Jan"]
[Black "Chovanec, Vladimir"]
[Result "1-0"]
[WhiteElo "2340"]
[BlackElo "2114"]
[PlyCount "69"]
[EventDate "2011.09.25"]
[EventType "swiss"]
[EventRounds "9"]
[EventCountry "SVK"]
[SourceTitle "CBM 144 Extra"]
[Source "ChessBase"]
[SourceDate "2011.10.28"]
[SourceVersion "1"]
[SourceVersionDate "2011.10.28"]
[SourceQuality "1"]

1. e4 e6 2. d3 d5 3. Qe2 Be7 4. Nf3 c5 5. g3 Nc6 6. Bg2 Nf6 7. 0-0 h6 8. Re1 dxe4 9. dxe4 e5 10. c3 Bg4 11. Nbd2 0-0 12. Nf1 Qc8 13. Ne3 Rd8 14. Nxg4 Qxg4 15. Nd2 Qxe2 16. Rxe2 b5 17. Re1 a6 18. Nf1 c4 19. Ne3 Bc5 20. h3 Rd3 21. Kf1 Ne7 22. a4 Ra7 23. Ke2 Nc6 24. Nd5 Ne8 25. b4 Bf8 26. axb5 axb5 27. Rxa7 Nxa7 28. Be3 Nc6 29. Ra1 Ne7 30. Ra8 Nxd5 31. exd5 Nf6 32. Bc5 Nd7 33. Bxf8 Nxf8 34. Be4 Rxc3 35. d6 1-0

[Event "Tatry op"]
[Site "Tatranske Zruby"]
[Date "2011.09.28"]
[Round "5"]
[White "Chovanec, Vladimir"]
[Black "Paulicka, Ivan"]
[Result "1-0"]
[WhiteElo "2114"]
[BlackElo "1861"]
[PlyCount "67"]
[EventDate "2011.09.25"]
[EventType "swiss"]
[EventRounds "9"]
[EventCountry "SVK"]
[SourceTitle "CBM 144 Extra"]
[Source "ChessBase"]
[SourceDate "2011.10.28"]
[SourceVersion "1"]
[SourceVersionDate "2011.10.28"]
[SourceQuality "1"]

1. e4 e5 2. Nf3 Nc6 3. Bc4 Bc5 4. c3 Nf6 5. d3 d6 6. Bb3 a6 7. h3 Bd7 8. Nbd2 Ba7 9. Nf1 Na5 10. Bc2 c5 11. Be3 Nc6 12. Ng3 Qa5 13. 0-0 d5 14. d4 cxd4 15. cxd4 dxe4 16. Nxe4 Nxe4 17. Bxe4 exd4 18. Nxd4 Bxd4 19. Bxd4 0-0 20. Bxg7 Bf5 21. Bxf8 Bxe4 22. Qg4+ Bg6 23. Bh6 Qh5 24. Qxh5 Bxh5 25. Rfe1 f5 26. Re3 Kf7 27. f3 Kf6 28. Rd1 Rd8 29. Rxd8 Nxd8 30. Rd3 Nc6 31. Rd7 Na5 32. Bd2 Nc4 33. Bc3+ Kg6 34. g4 1-0

[Event "Senica op 3rd"]
[Site "Senica"]
[Date "2011.08.26"]
[Round "7"]
[White "Hros, Roman"]
[Black "Chovanec, Vladimir"]
[Result "0-1"]
[WhiteElo "1917"]
[BlackElo "2086"]
[PlyCount "92"]
[EventDate "2011.08.21"]
[EventType "swiss"]
[EventRounds "9"]
[EventCountry "SVK"]
[SourceTitle "CBM 144 Extra"]
[Source "ChessBase"]
[SourceDate "2011.10.28"]
[SourceVersion "1"]
[SourceVersionDate "2011.10.28"]
[SourceQuality "1"]

1. e4 e6 2. d4 d5 3. Nc3 Bb4 4. e5 c5 5. a3 Bxc3+ 6. bxc3 Qa5 7. Bd2 Qa4 8. Qb1 c4 9. f4 Ne7 10. Nf3 Nbc6 11. Be2 Bd7 12. Qxb7 Rb8 13. Qc7 Qa6 14. a4 Nf5 15. g4 Rc8 16. Qxc8+ Qxc8 17. gxf5 exf5 18. Bc1 Nd8 19. Ba3 Ne6 20. Rb1 Bxa4 21. Kd2 a6 22. Rb6 Bb5 23. Bd6 Kd7 24. Nh4 Qd8 25. Rb7+ Kc6 26. Rb8 Qxh4 27. Rxh8 Qxf4+ 28. Kd1 Qe4 29. Rf1 Ba4 30. Bh5 Bxc2+ 31. Kc1 Ba4 32. Kd2 Qd3+ 33. Ke1 Qe3+ 34. Be2 Nf4 35. Rc8+ Kd7 36. Rc7+ Kd8 37. Rxf4 Qxf4 38. Rxf7 Qh4+ 39. Kd2 Qf4+ 40. Ke1 Qh4+ 41. Kd2 Qh6+ 42. Ke1 Bc2 43. Rf8+ Kd7 44. Rf7+ Kc6 45. Rc7+ Kb6 46. Re7 Bd3 0-1

[Event "Senica op 3rd"]
[Site "Senica"]
[Date "2011.08.24"]
[Round "5"]
[White "Bednar, Jaromir"]
[Black "Chovanec, Vladimir"]
[Result "1-0"]
[WhiteElo "2292"]
[BlackElo "2086"]
[PlyCount "81"]
[EventDate "2011.08.21"]
[EventType "swiss"]
[EventRounds "9"]
[EventCountry "SVK"]
[SourceTitle "CBM 144 Extra"]
[Source "ChessBase"]
[SourceDate "2011.10.28"]
[SourceVersion "1"]
[SourceVersionDate "2011.10.28"]
[SourceQuality "1"]

1. e4 e6 2. d3 d5 3. Nd2 c5 4. Ngf3 Nc6 5. g3 g6 6. Bg2 Bg7 7. 0-0 Nge7 8. Re1 b6 9. h4 h6 10. Qe2 a5 11. a3 Ra7 12. Rb1 Ba6 13. e5 Nf5 14. Nf1 c4 15. N1h2 cxd3 16. cxd3 Ncd4 17. Nxd4 Nxd4 18. Qd1 Bb5 19. Be3 Bxe5 20. Ng4 Bg7 21. Bxd4 Bxd4 22. Qb3 Bc6 23. Rbc1 Kd7 24. Rxc6 Bxf2+ 25. Kxf2 Kxc6 26. Ne5+ Kb7 27. d4 a4 28. Qf3 Qc7 29. Kg1 g5 30. Nxf7 Rf8 31. Rxe6 Qxf7 32. Qxd5+ Kc8 33. Qc4+ Kd8 34. Qd5+ Kc8 35. Qc4+ Kd8 36. Qc6 Qc7 37. Qd5+ Qd7 38. Rd6 gxh4 39. Bh3 Qxd6 40. Qxd6+ Ke8 41. Qb8+ 1-0